00488nam a2200157Ia 450000500170000000800410001708200130005810000180007124500370008926000350012630000130016150000360017494200060021095200990021699900150031520250405181247.0240331s9999 xx 000 0 und d bSATa894 aSathasivam, M 0aUlakath thamiliyakka aaivu kovai aIrodubUlaga thamilyagamc2004 a264 p ., aPechutamil karutharagu kadoorai cL 001040708LaWERCLbWERCLcSSCd2024-03-31l0o 894.811 SATp1973r2024-03-31w2024-03-31yL c3746d3746